000 00973cab a2200253 4500
001 WB3344-13
008 090401t1997 xxu||||| |||| 00| 0 eng d
035 _a(Sirsi) u82101
041 _aeng
245 _aReinstatement costs
260 _c1997
350 _a0
490 _aTimes
_v14 November 1997, 35(1)
520 _a"Manchester CC v Halstead" CA 23 October 1997. "Held" a valid claim for interest on compensation paid by a local authority for compulsory purchase could be made in respect of reinstatement costs paid by the authority in accordance with the Land Compensation Act 1961 s5 rule 5.
650 _aCOMPULSORY PURCHASE ACT 1965 S11
650 _aCompulsory purchase
_96228
650 _aINTEREST
650 _aLAND COMPENSATION ACT 1961
650 _aMANCHESTER CC V HALSTEAD
650 _aBUILT ENVIRONMENT-BUILDING COSTS-REINSTATEMENT COSTS
690 _aCOMPULSORY PURCHASE AND COMPENSATION-CASE LAW
942 _n0
948 _c14/11/1997
999 _c51789
_d51789